01584nam a22003737a 4500003000500000005001700005008004100022010001000063011001000073035001000083040000900093090001000102100004600112245015700158260004000315300001900355502009900374590003700473590004100510590004100551590004100592590004100633590004200674650004600716650003300762650003200795901000700827942000900834949003500843949004800878999001700926952014000943952012701083CHAP20220329133909.0971013s1982 r 00010 d a12406 a13378 a17449 cCHAP aTesis00aGilchrist Saavedra, Lucy Isabella.947982 aHelminthosporium tritici-repentis (Phyrenophora trichostoma), como agente causal del tizón del trigo, prevalente en el estado de Michoacán, México aChapingo, Méx. :bEl autor,c1982 a96 h.b: ilus. aTesis (M.C. Esp. en Fitopatología) -- CP. Colegio de Postgraduados. Centro de Fitopatolgía aALEPHb10c20130110lUCH01h1231 aBATCH-UPDb10c20130110lUCH01h0004 aBATCH-UPDb10c20130110lUCH01h1833 aBATCH-UPDb10c20130410lUCH01h1205 aBATCH-UPDb10c20130914lUCH01h1542 aCONVERSIONb10c20130109lUCH01h130814aHelminthosporium tritici repentis.95347314aTrigoxEnfermedades.911501714aTrigoxMichoacán.9115062 aBK cFOLL bBCcTESd-41178eTS1i17449si bBCcTESd33724002013538eTS2fc.2i17449si c12406d12406 00102local4053708TESISaBCbBCcPA_TESISd2012-12-17fTESISl0oTesisp33724002013538r2019-12-31 00:00:00tc.2w2019-12-31yTESIS 00102local4051708TESISaBCbBCcPA_TESISd2012-12-17fTESISl0oTesisp-41178r2019-12-31 00:00:00w2019-12-31yTESIS